Shakti and Shakta : (Record no. 991069)

MARC details
000 -LEADER
fixed length control field 00775nam a2200265 a 4500
001 - CONTROL NUMBER
control field vtls001541614
003 - CONTROL NUMBER IDENTIFIER
control field NLI
005 - DATE AND TIME OF LATEST TRANSACTION
control field 20210627150554.0
008 - FIXED-LENGTH DATA ELEMENTS--GENERAL INFORMATION
fixed length control field 121212s1918 enka 000 0 eng
039 #9 - LEVEL OF BIBLIOGRAPHIC CONTROL AND CODING DETAIL [OBSOLETE]
-- 201212121724
-- VLOAD
040 0# - CATALOGING SOURCE
Original cataloging agency NLI
Language of cataloging eng
Transcribing agency XData_1
Description conventions AACR2
041 0# - LANGUAGE CODE
Language code of text/sound track or separate title eng
044 ## - COUNTRY OF PUBLISHING/PRODUCING ENTITY CODE
MARC country code enk
082 ## - DEWEY DECIMAL CLASSIFICATION NUMBER
Classification number 179
100 1# - MAIN ENTRY--PERSONAL NAME
Personal name Woodroffe, John,
Titles and words associated with a name Sir,
Dates associated with a name 1865-1936
9 (RLIN) 795776
245 10 - TITLE STATEMENT
Title Shakti and Shakta :
Remainder of title essays and addresses on the Shakta tantrashastra /
Statement of responsibility, etc. by John Woodroffe
260 ## - PUBLICATION, DISTRIBUTION, ETC.
Place of publication, distribution, etc. London :
Name of publisher, distributor, etc. Luzac,
Date of publication, distribution, etc. 1918
300 ## - PHYSICAL DESCRIPTION
Extent x, 191 p. :
Other physical details ill. ;
Dimensions 24 cm.
650 #0 - SUBJECT ADDED ENTRY--TOPICAL TERM
Topical term or geographic name entry element Shaktism
9 (RLIN) 692435
887 ## - NON-MARC INFORMATION FIELD
Content of non-MARC field
901 ## - LOCAL DATA ELEMENT A, LDA (RLIN)
a IMP138605 :
b 25.10.2011
902 ## - LOCAL DATA ELEMENT B, LDB (RLIN)
a 179 E 513
949 ## - LOCAL PROCESSING INFORMATION (OCLC)
-- VIRTUAITEM
-- 10000
-- 100
6 IMP000138605ENG
942 ## - ADDED ENTRY ELEMENTS (KOHA)
Source of classification or shelving scheme Dewey Decimal Classification
Koha item type Books
Holdings
Withdrawn status Lost status Damaged status Not for loan Home library Current library Date acquired Total Checkouts Full call number Barcode Date last seen Price effective from Koha item type
        National Library of India National Library of India     179 E 513 IMP000138605ENG 27/06/2021 27/06/2021 Books
                                                                           
web counter

Copyright ©2020 The National Library of India, Govt. of India ↔ Hosted by NVLI, MOC ↔ Technology and Design by National Library of India, Ministry of Culture, Govt. of India